000 02113nam a2200229Ia 4500
003 OSt
005 20251211094418.0
008 210707s1983 xx 000 0 und d
040 _cAL
041 _aKannada
082 _aK894.4 SVAH
100 _aSVAMI (B G L)
_dಸ್ವಾಮಿ (ಬಿ ಜಿ ಎಲ್)
_9248742
245 _aHasuru honnu
_bಹಸುರು ಹೊನ್ನು
260 _aBengaluru
_bVishva Kannada Sammelana
_c1983
300 _ax,402 p
365 _b4
_cINR
520 _aಸಸ್ಯಶಾಸ್ತ್ರಜ್ಞ ಮತ್ತು ಲೇಖಕ ಡಾ. ಬಿ.ಜಿ.ಎಲ್. ಸ್ವಾಮಿ ಅವರ ಪ್ರಸಿದ್ಧ ಕೃತಿಯಾಗಿದ್ದು, ಇದು ಸಸ್ಯಗಳ ಬಗ್ಗೆ ಹಾಸ್ಯ, ಮಾನವೀಯ ಸ್ಪರ್ಶ ಮತ್ತು ವೈಜ್ಞಾನಿಕ ವಿವರಗಳೊಂದಿಗೆ ಬರೆದ ಒಂದು ಅನನ್ಯ ಪ್ರವಾಸ ಕಥನವಾಗಿದೆ. ಈ ಪುಸ್ತಕಕ್ಕೆ ಕೇಂದ್ರ ಸಾಹಿತ್ಯ ಅಕಾಡೆಮಿ ಪ್ರಶಸ್ತಿ (1978) ಲಭಿಸಿದ್ದು, ನೂರಾರು ಗಿಡಮರಗಳನ್ನು ಪರಿಚಯಿಸುತ್ತಾ, ಸಾಮಾನ್ಯ ಓದುಗರಿಗೂ ಅರ್ಥವಾಗುವಂತೆ ಸರಳ ಭಾಷೆಯಲ್ಲಿ ಬರೆದ ಕನ್ನಡ ಸಾಹಿತ್ಯದ ಮೇರುಕೃತಿ ಎಂದು ಪರಿಗಣಿಸಲಾಗಿದೆ. ವಿಷಯ: ಸಸ್ಯಗಳ ಗುರುತಿಸುವಿಕೆ, ಅವುಗಳ ಜೀವನ ಕ್ರಮ, ಉಪಯೋಗಗಳು, ಹಾಗೂ ಸ್ವಾಮಿಯವರ ವೈಜ್ಞಾನಿಕ ಪ್ರವಾಸಗಳ ಅನುಭವಗಳನ್ನು ವಿವರಿಸುತ್ತದೆ. ವಿಶೇಷತೆ: ಹಲಸಿನ ಮರ, ಮೆಣಸಿನಕಾಯಿ ಗಿಡದಂತಹ ಪರಿಚಿತ ಗಿಡಗಳ ಬಗ್ಗೆ ಹೊಸ ಮಾಹಿತಿಯನ್ನು ನೀಡುತ್ತದೆ.
563 _aPB
650 _aKannada Prose
_9248743
906 _aHasuru honnu
942 _2ddc
_cBK
999 _c180182
_d180182